La Tchéquie pour les touristes... - Facile - Statistiques

Statistiques générales
  • Ce quiz a été pris 10 fois
  • Le résultat moyen est 13 sur 20
Statistiques - réponses
Question Indice Réponses Indice facile % Correct
La vitesse sur autoroute est limitée à {130} km/h
90%
Quelles autres langues sont répandues ? A Anglais
90%
Le suffixe internet est cz
90%
La conduite se fait à droite ou à gauche ? Droite
90%
Dans la capitale y-a-t-il un décalage horaire avec Paris ? (oui/non) Non
90%
Quelles sont les principales villes touristiques ? P Prague
90%
Quelle sont les langues officielles ? Tchéque T
90%
Le taux d'alcoolémie toléré au volant est de {0} g/l
80%
Quelles autres langues sont répandues ? A Allemand
80%
Quelle sont les langues officielles ? Slovaque S
80%
Quelle est la monnaie ? Couronne tchèque C
70%
Achats à faire 1/ Cristal de... Bohême EEMOHB
60%
Quelles sont les principales villes touristiques ? B Brno NORB
50%
Achats à faire 3/ Jouet articulé Marionnette ITRENOAMENT
50%
La religion majoritaire est Catholicisme C
40%
Quelles sont les principales villes touristiques ? O Olomouc LOCOMOU
40%
Quelles sont les principales villes touristiques ? KV Karlovy Vary KLVYYVARROA
30%
Quelles sont les principales villes touristiques ? L Liberec CRIBLEE
30%
Achats à faire 2/ Chapeau de chez Tonak TONKA
20%
Quels parc national peut-on visiter ? S Sumava AMUSAV
10%
Aucun quiz correspondant
Distribution des résultats
% des personnes avec chaque résultat
Percentile par nombre de réponses
Votre historique - résultats
Vous n’avez pas pris ce quiz